مكتبة جامعة عجلون الوطنية

فهرس بحث المكتبة

Normal view MARC view
  • الرحبي،ابي عبد الله محمد بن علي ، المارديني،محمد بن محمد سبط/شرح ، الحوت،كمال يوسف/تحقيق

Entry Personal Name

Number of records used in: 1

001 - CONTROL NUMBER

  • control field: 14511

003 - CONTROL NUMBER IDENTIFIER

  • control field: JO-AjAnu

005 - DATE AND TIME OF LATEST TRANSACTION

  • control field: 20230606072622.0

008 - FIXED-LENGTH DATA ELEMENTS

  • fixed length control field: 230606|| aca||aabn | a|a d

040 ## - CATALOGING SOURCE

  • Original cataloging agency: JO-AjAnu
  • Transcribing agency: JO-AjAnu

100 ## - HEADING--PERSONAL NAME

  • Personal name: الرحبي،ابي عبد الله محمد بن علي ، المارديني،محمد بن محمد سبط/شرح ، الحوت،كمال يوسف/تحقيق

670 ## - SOURCE DATA FOUND

  • Source citation: Work cat.: (JO-AjAnu)7455: الرحبي،ابي عبد الله محمد بن علي ، المارديني،محمد بن محمد سبط/شرح ، الحوت،كمال يوسف/تحقيق, author, شرح الرحبية في الفرائض